00970nam a22002057a 4500003000900000005001700009008004100026040002500067082001400092245011400106260006800220300002000288590002700308910001400335942001400349952012400363952013000487952013000617999001700747DO-SdBNP20220523114651.0110301s2021 dr 000 0 spa d aDO-SdBNPbspacBNPHU axxxxbxxx00aInstructivo para la elaboración del plan operativo anual municipal :bmetodología para su formulación / aSanto Domingo :bFederación Dominicana de Municipios. c2021. a69 p. :c23 cm. aInventariado, 2022/ YL aYLockward 2ddccLBS1 00102ddc53708PDaBNPHUbBNPHUcHDd2022-02-01eEditora Búhol0oxxxx xxxp2022-2310r2022-05-23w2022-05-23yLBS1 00102ddc53708PDaBNPHUbBNPHUcHDd2022-02-01eEditora Búhol0oxxxx xxxp2022-2311r2022-05-23te. 2w2022-05-23yLBS1 00102ddc56708PDaBNPHUbBNPHUcHDd2022-02-01eEditora Búhol0oxxxx xxxp2022-2312r2022-05-23te. 3w2022-05-23yLBS1 c51785d51785